К вопросу о роли мифа при постановке и решении научной проблемы; Дефиниции культуры; Вып. 4

Бібліографічні деталі
Parent link:Дефиниции культуры: сборник.— , 1994-
Вып. 4.— 1999.— С. 27-30
Автор: Ардашкин И. Б. Игорь Борисович
Резюме:В фонде НТБ ТПУ отсутствует
Мова:Російська
Опубліковано: 1999
Предмети:
Формат: MixedMaterials Частина з книги
KOHA link:https://koha.lib.tpu.ru/cgi-bin/koha/opac-detail.pl?biblionumber=598505

MARC

LEADER 00000naa0a2200000 4500
001 598505
005 20250325111458.0
035 |a (RuTPU)RU\TPU\tpu\22157 
035 |a RU\TPU\tpu\22156 
090 |a 598505 
100 |a 20121204d1999 k y0rusy50 ca 
101 0 |a rus 
102 |a RU 
200 1 |a К вопросу о роли мифа при постановке и решении научной проблемы  |f И. Б. Ардашкин 
333 |a В фонде НТБ ТПУ отсутствует 
461 |t Дефиниции культуры  |o сборник  |d 1994- 
463 |t Вып. 4  |v С. 27-30  |d 1999 
610 1 |a труды учёных ТПУ 
700 1 |a Ардашкин  |b И. Б.  |c философ  |c профессор Томского политехнического университета, доктор философских наук  |f 1972-  |g Игорь Борисович  |3 (RuTPU)RU\TPU\pers\25417  |9 11359 
801 1 |a RU  |b 63413507  |c 20121204 
801 2 |a RU  |b 63413507  |c 20121204  |g RCR 
942 |c CR